Gobierno corporativo su importancia en la objetividad e independencia de la funcin̤ de auditora̕ interna /

Bibliographic Details
Main Author: Enrq̕uez de Rivera, Sylvia Meljem
Format: eBook
Language:Spanish
Published: Mx̌ico DF: Instituto Mexicano de Contadores Pb︢licos, 2018
Subjects:
Online Access:Acceso restringido

MARC

LEADER 00000nam a22000007a 4500
005 20180417225049.0
007 cr|||| ||||
008 180417s2018 mx |||||s|||| 00||0 spa d
020 |a 978-607-8552-44-3 
035 |a 21431 
040 |a vLex 
090 |c 7785  |d 7785 
100 1 |a Enrq̕uez de Rivera, Sylvia Meljem 
245 1 0 |a Gobierno corporativo  |h [Recurso electrn̤ico] :  |b su importancia en la objetividad e independencia de la funcin̤ de auditora̕ interna /  |c Sylvia Meljem Enrq̕uez de Rivera 
256 |a Servicio en ln̕ea 
260 |a Mx̌ico DF:  |b Instituto Mexicano de Contadores Pb︢licos,  |c 2018 
300 |a 1 recurso electrn̤ico 
500 |a El tema de gobierno corporativo es tratado desde hace muchos aǫs, principalmente, desde la perspectiva econm̤ica de la Teora̕ de la Agencia, entendiendo que las motivaciones de los individuos ocasionan que los intereses de los accionistas y del director general de una organizacin̤ no sean los mismos; de ah ̕la necesidad de contar con mecanismos de vigilancia que permitan a los accionistas evitar, en la medida de lo posible, tomas de decisiones en su perjuicio. Los principales mecanismos de vigilancia, con los que hoy cuentan las empresas, son el Comit ̌de Auditora̕ y la funcin̤ de auditora̕ interna, los cuales apoyan al Consejo de Administracin̤ en los temas de reportes financieros, control y cumplimiento; sin embargo, para que estos funcionen de manera adecuada se requiere que se ejerzan con total objetividad e independencia, que no siempre es posible, debido a la presencia de sesgos cognitivos inconscientes en la toma de decisiones. Gobierno corporativo: su importancia en la objetividad e independencia de la funcin̤ de auditora̕ interna explora, desde la Teora̕ del Razonamiento Motivado, la existencia de sesgos cognitivos derivados de factores sociolg̤icos resultado de la estructura de poder de la organizacin̤ y de la interaccin̤ existente entre el Comit ̌de Auditora̕ y la funcin̤ de auditora̕ interna. El estudio del juicio y toma de decisiones en un entorno econm̤ico, sociolg̤ico y psicolg̤ico permite proponer una metodologa̕ para diagnosticar la objetividad e independencia de la funcin̤ de auditora̕ interna, dada cierta estructura de gobierno corporativo. El lector encontrar ̀en esta obra la relevancia de implementar dicha funcin̤, como un mecanismo de vigilancia que asegure que la informacin̤ reportada por la alta direccin̤ al Consejo de Administracin̤ (incluyendo el Comit ̌de Auditora̕), sea suficiente y oportuna, y refleje, razonablemente, la situacin̤ financiera de la organizacin̤. 
506 1 |a Disponible solo en los productos indicados  |d vLex Global  |d vLex Global (Academic Edition, excluding Law Schools)  |d vLex Global (U.S. Academic Edition, Law Schools)  |d vLex Global (U.S. Academic Edition, excluding Law Schools)  |d vLex Global (Academic Edition, Law Schools) 
650 0 4 |a Derecho Fiscal  |z Mx̌ico 
740 0 |a vLex Libros (Servicio en ln̕ea) 
856 4 0 |u http://vlex.com/source/gobierno-corporativo-su-importancia-en-la-objetividad-e-independencia-de-la-funcion-de-auditoria-interna-21431  |z Acceso restringido 
942 |c BOOK 
999 0 |a Tax Law